|
|
|
|
| LEADER |
00000nab a2200000 a 4500 |
| 001 |
vtls000235673 |
| 003 |
SK-MaSNL |
| 005 |
20260304061237.0 |
| 008 |
250422c1985 xo 0 slo |
| 015 |
|
|
|a SNBRB19rr/mm-uuuuu
|
| 035 |
|
|
|a CL0245787
|
| 035 |
|
|
|a urn:nbn:sk:snk-ab1nu2
|
| 035 |
|
|
|a (urnnbn)urn:nbn:sk:snk:ar-004npw
|
| 035 |
|
|
|a (uuid)f9a9073d-a400-4210-bc29-8033971c9ad8
|
| 040 |
|
|
|a SNKBUCL
|b slo
|c SNKBUCL
|e AACR2
|
| 041 |
0 |
|
|a slo
|
| 044 |
|
|
|a xo
|c SK
|
| 080 |
|
|
|a 008(437)
|2 1981
|
| 100 |
1 |
|
|a Čunderlík, Ľubor,
|d 1922-1996
|4 aut
|9 135284
|
| 245 |
1 |
0 |
|a Trvalé zdroje rozvoja našich národných kultúr
|c Ľubor Čunderlík
|
| 650 |
0 |
7 |
|a kultúra
|2 snkbucl
|9 886
|
| 655 |
|
7 |
|a články z novín a časopisov
|2 snkbucl
|9 267496
|
| 655 |
|
7 |
|a články z odboru knihovníctvo
|2 snkbucl
|9 166141
|
| 773 |
0 |
|
|t Knižnice a vedecké informácie
|g Roč. 17, č. 6 (1985), s. 241-243
|
| 850 |
|
|
|a Slovenská národná knižnica
|
| 852 |
|
|
|a Slovenská národná knižnica
|
| 954 |
|
|
|a odborná, vedecká literatúra pôvodná (slovenská)
|2 lita
|
| 958 |
|
|
|a article2022
|
| 958 |
|
|
|a RK
|
| 958 |
|
|
|a KL
|
| 958 |
|
|
|a OND
|
| 958 |
|
|
|a EUIPO
|
| 992 |
|
|
|a RBX
|
| 999 |
|
|
|c 2732021
|d 2733951
|